000 00544nam a22001697a 4500
008 160211b xxu||||| |||| 00| 0 eng d
020 _a1608311514
100 _aAschenbrenner Diane S.
245 _aDrug Therapy in Nursing
250 _a4th ed.
260 _aChina
_bLippincottb Williams and Wilkins
_c2012
300 _axvii, 1346p.
_bill.
650 _aDrug Therapy
_vNurses' Instructions
650 _aPharmaceutical Preparations
_vNurses
700 _aSamantha J. Venable
942 _2lcc
_cBK
_e4th Ed.
_hRM125
_k.A83 2012 C.2
999 _c15641
_d15641